00828nam a2200133 4500008001700000020001800017082002200035100002900057245006700086260005600153300002400209505039300233650006800626861.728.6 Ch512p a9789930966280 a861.728.6bCh512p aChaves, G.A. (edición) aPara un siglo con cédula:b18 años de poesía Perro Azul  aSan José, Costa RicabEdiciones Perro Azul c2019 a148 p.c14 x 21 cm  tPrólogo: DOS PERROSrClara Astiasaránt1. Para un siglo con cédula: Historia personal de Perro Azul t2. Mínima prehistoria andariega (1999)t3. sin palabras de otros / sin palabras mías (2000 - 2005)t4. Variaciones en torno a la carpintería de las cosas (2006 - 2010)t5. El oficio de alejarse: Los años en paréntesis (2011 - 2014)t6. El perro que regresa (2015 - 2018) xliteraturaxpoesíaxCosta Ricaxpoesía costarricense s. XXI